00972cam a22002777a 450000500170000000800410001701000100005801100100006803500100007808200080008809000100009610000380010624501030014426000400024730000220028750200920030959000370040159000410043859000410047959000410052059000420056165000260060390100070062994900410063699900170067720220329141253.0971010s1991 r 00010 d a65507 a66479 a74668 a647 aTesis00aGómez Rodríguez, Olga.949877 0aEfecto del cempazuchil asociado con jitomate en Nacobbus aberrans e insectos transmisores de virus aChapingo, Méx. :bEl autor,c1991 a83 h.b; gráfs. aTesis (M.C. Esp. en Protección Vegetal).-- UACH. Depto. de Parasitología Agrícola aALEPHb10c20130110lUCH01h1357 aBATCH-UPDb10c20130110lUCH01h2109 aBATCH-UPDb10c20130410lUCH01h1420 aBATCH-UPDb10c20130914lUCH01h0907 aCONVERSIONb10c20130109lUCH01h133614aCempazúchil.920947 aBK a647bPAcTESBDd-7554eTS1i74668si c65507d65507